Listas de verificación para la obtención de permisos de construcción y operación de estaciones de servicio

Uloženo v:
Podrobná bibliografie
Hlavní autor: Herra Monge, Jose Manuel
Médium: Diplomová práce Kniha
Vydáno: [San José], Costa Rica 2009
Témata:
Tagy: Přidat tag
Žádné tagy, Buďte první, kdo vytvoří štítek k tomuto záznamu!

MARC

LEADER 00000nam a2200000Ia 4500
003 001540
005 20221231144041.0
008 140114s2009 cr a 000 ||s d
040 |c cru CEDI 
090 |a TFG 6054 
100 |a Herra Monge, Jose Manuel  |9 3340 
245 |a Listas de verificación para la obtención de permisos de construcción y operación de estaciones de servicio  
260 |c 2009  |b  [San José], Costa Rica 
500 |a Tesis (licenciatura en ingeniería civil)--Universidad de Costa Rica. Facultad de Ingeniería. Escuela de Ingeniería Civil 
502 |a Escuela de inge 
650 |x GASOLINERAS   |x CONSTRUCCION  |x  REGLAMENTOS  |x  ASPECTOS LEGALES   |x  COSTA RICA   |9 3341 
942 |c TFG 
999 |c 16166  |d 16166